00732nam a22002057a 4500999001900000005001700019010001500036020002600051035001400077037001300091082001000104100001800114245008400132260002500216270008900241300003200330500001800362942002400380952012200404 c180495d18049520210810144612.0 aENG-129736 a9789354491160c450.00 aEN-113268 bDBAD/PUB a070.4 aChawla, Abhay aNew media and online journalism:bhandbook for media studies /cby Abhay Chawla aNoidabPearsonc2021 a15th Floor, Tower-B, World Trade Tower, Plot No.1, Block-C, Sector-16bNoidae201301 axi, 352p.:c22cm(pbk)bill. ainclude index 2ddccENh070.4mCHA 001040708NFICaBL1bBL1d2021-08-10eDBAD/PUBg450.00l0o070.4 CHApEN-113268r2021-08-10 00:00:00t1v450.00yEN